000 01102cab a2200313 4500
001 ABS51573
008 090401t1994 xxu||||| |||| 00| 0 eng d
035 _a(Sirsi) u33811
041 _aeng
100 _aHoffman, A.
245 _aWho to sue?
260 _c1994
350 _a0
490 _aMortgage Finance
_v126(1542) October 1994, 38-39(2)
520 _aCompares the arrangements for professional indemnity insurance undertaken by solicitors and surveyors, and the schemes established by their respective institutions: the Law Society, the ISVA and RICS.
650 _aCIVIL LIABILITY (CONTRIBUTION) ACT 1978
650 _aGALOO LTD AND OTHERS V BRIGHT GRAHOME MURRAY 1994
650 _aABOUT RICS-RELATED ORGANISATIONS-INCORPORATED SOCIETY OF VALUERS AND AUCTIONEERS
650 _aLAW SOCIETY
650 _aNEGLIGENCE
650 _aPROFESSIONAL INDEMNITY INSURANCE
650 _aRUCS
650 _aSOLICITORS
650 _aSURVEYORS
690 _aINSURANCE
_96249
690 _aMANAGEMENT-BUSINESS MANAGEMENT-PROFESSIONAL PRACTICE
942 _n0
948 _c04/03/1997
999 _c22509
_d22509